[Event "Senior DM 65+ 2024"]
[Site "Aarhus"]
[Date "2024.02.14"]
[Round "3.14"]
[White "Nielsen, Ib"]
[Black "Korsgaard, Christian"]
[Result "1-0"]
[WhiteElo "1900"]
[BlackElo "1709"]
[PlyCount "77"]
[EventDate "2024.02.12"]
[EventType "swiss"]
[EventRounds "7"]
[EventCountry "DEN"]
[SourceTitle "Live v. Thomas Vestergaard"]

1. e4 d6 2. d4 Nf6 3. Nc3 g6 4. Bd3 Bg7 5. Nge2 O-O 6. O-O c5 7. dxc5 dxc5 8. h3 Nc6 9. Be3 b6 10. f4 Bb7 11. e5 Nd5 12. Nxd5 Qxd5 13. Nc3 Qd7 14. Be4 Nd4 15. Bxb7 Qxb7 16. Bxd4 Rad8 17. Ne2 f6 18. c3 cxd4 19. Qb3+ Kh8 20. Nxd4 fxe5 21. Ne6 Rd2 22. Rf2 Rxf2 23. Kxf2 Qe4 24. Nxf8 Qxf4+ 25. Kg1 Qxf8 26. Rf1 Bf6 27. Qd5 Kg7 28. c4 Qc8 29. b4 Qc7 30. c5 bxc5 31. bxc5 e4 32. c6 Qb6+ 33. Kh1 e3 34. Re1 Bh4 35. Re2 Bg3 36. Qe4 Qc5 37. Qxe3 Qxe3 38. Rxe3 Bd6 39. Rxe7+ 1-0

[Event "Senior DM 65+ 2024"]
[Site "Aarhus"]
[Date "2024.02.14"]
[Round "3.15"]
[White "Bjornes, Leif"]
[Black "Pilgaard, Johannes"]
[Result "1-0"]
[WhiteElo "1826"]
[BlackElo "1648"]
[PlyCount "45"]
[EventDate "2024.02.12"]
[EventType "swiss"]
[EventRounds "7"]
[EventCountry "DEN"]
[SourceTitle "Live v. Thomas Vestergaard"]

1. d4 Nf6 2. c4 c5 3. d5 b5 4. cxb5 a6 5. f3 axb5 6. e4 Qa5+ 7. Bd2 b4 8. Na3 d6 9. Nc4 Qc7 10. a3 bxa3 11. Rxa3 Rxa3 12. Nxa3 Bd7 13. Qb3 g6 14. Bc4 Bg7 15. Ne2 O-O 16. O-O Qa7 17. Nb5 Bxb5 18. Bxb5 Nbd7 19. Qa3 Ra8 20. Ra1 Qxa3 21. Rxa3 Nb6 22. Rxa8+ Nxa8 23. Ba5 1-0

[Event "Senior DM 65+ 2024"]
[Site "Aarhus"]
[Date "2024.02.14"]
[Round "3.16"]
[White "Meldgaard, Frode"]
[Black "Andersen, Villy Abildgaard"]
[Result "1-0"]
[WhiteElo "1798"]
[BlackElo "1602"]
[PlyCount "39"]
[EventDate "2024.02.12"]
[EventType "swiss"]
[EventRounds "7"]
[EventCountry "DEN"]
[SourceTitle "Live v. Thomas Vestergaard"]

1. e4 d5 2. exd5 Nf6 3. Nc3 Nxd5 4. Nf3 Nxc3 5. bxc3 g6 6. Bc4 Nc6 7. d4 Bg7 8. O-O O-O 9. Ba3 Re8 10. Qd2 Na5 11. Bd3 Rb8 12. Rfe1 b6 13. Qf4 Bb7 14. Ng5 Bf6 15. h4 e6 16. Re3 h5 17. Rae1 Bd5 18. Rg3 Nc4 19. Nxf7 Kxf7 20. Bxg6+ 1-0

[Event "Senior DM 65+ 2024"]
[Site "Aarhus"]
[Date "2024.02.14"]
[Round "3.17"]
[White "Gam, Soren"]
[Black "Westenvind, Allan"]
[Result "1-0"]
[WhiteElo "1368"]
[BlackElo "1820"]
[PlyCount "53"]
[EventDate "2024.02.12"]
[EventType "swiss"]
[EventRounds "7"]
[EventCountry "DEN"]
[SourceTitle "Live v. Thomas Vestergaard"]

1. d4 d5 2. Nf3 Nf6 3. g3 c6 4. Bg2 Bf5 5. O-O h6 6. c4 e6 7. Nc3 Nbd7 8. Re1 Bb4 9. a3 Bxc3 10. bxc3 dxc4 11. Nd2 Nb6 12. e4 Bg6 13. a4 O-O 14. a5 Nbd7 15. Ba3 Re8 16. Nxc4 b5 17. Nd6 Qxa5 18. Nxe8 Rxe8 19. Qb3 Qc7 20. e5 Nd5 21. c4 bxc4 22. Qxc4 N7b6 23. Qa6 Ra8 24. Rec1 Qd7 25. Bd6 Nc8 26. Rxc6 Bd3 27. Rxc8+ 1-0

[Event "Senior DM 65+ 2024"]
[Site "Aarhus"]
[Date "2024.02.14"]
[Round "3.18"]
[White "Lauritzen, Vagn"]
[Black "Fjordside, Arne Dan"]
[Result "1-0"]
[WhiteElo "1553"]
[BlackElo "1805"]
[PlyCount "53"]
[EventDate "2024.02.12"]
[EventType "swiss"]
[EventRounds "7"]
[EventCountry "DEN"]
[SourceTitle "Live v. Thomas Vestergaard"]

1. e4 e6 2. d4 d5 3. Nd2 dxe4 4. Nxe4 Bd7 5. Nf3 Bc6 6. Bd3 Bxe4 7. Bxe4 c6 8. c3 Nf6 9. Bc2 g6 10. O-O Bg7 11. Bg5 Nbd7 12. Qd2 O-O 13. Rae1 Qc7 14. Bf4 Qa5 15. a3 Rfe8 16. Qc1 Rac8 17. Nd2 Qh5 18. Nc4 Bf8 19. Ne5 Bg7 20. Bd1 Qh4 21. Bg5 Bh6 22. Bxh6 Nxe5 23. Rxe5 Ng4 24. Bxg4 Qxg4 25. h3 Qh4 26. Bg5 Qh5 27. Bf6 1-0

[Event "Senior DM 65+ 2024"]
[Site "Aarhus"]
[Date "2024.02.14"]
[Round "3.19"]
[White "Markussen, Benno Orvad"]
[Black "Bohnstedt, Michael"]
[Result "1-0"]
[WhiteElo "1677"]
[BlackElo "1439"]
[PlyCount "87"]
[EventDate "2024.02.12"]
[EventType "swiss"]
[EventRounds "7"]
[EventCountry "DEN"]
[SourceTitle "Live v. Thomas Vestergaard"]

1. Nf3 d5 2. d4 Nf6 3. g3 e6 4. Bg2 c5 5. Bg5 Nbd7 6. O-O h6 7. Bxf6 Nxf6 8. c4 Be7 9. Nc3 O-O 10. cxd5 exd5 11. dxc5 Bxc5 12. Qc2 Qc7 13. e3 a6 14. Rac1 Ba7 15. Nxd5 Qxc2 16. Nxf6+ gxf6 17. Rxc2 Be6 18. b3 Rad8 19. Rfc1 Rd7 20. Nh4 Rfd8 21. h3 b5 22. Kh2 Rd2 23. Nf3 R2d6 24. Rc6 Rxc6 25. Rxc6 Bc8 26. Rc2 a5 27. Nd4 Bxd4 28. exd4 Bf5 29. Rc5 Bb1 30. d5 Bxa2 31. Rxb5 Rd6 32. Be4 Kf8 33. Rxa5 Bxb3 34. Ra8+ Kg7 35. Ra5 f5 36. Bxf5 Rxd5 37. Rxd5 Bxd5 38. g4 f6 39. Kg3 Bf7 40. h4 Bg6 41. Kf4 Bxf5 42. Kxf5 Kf7 43. h5 Kg7 44. Ke6 1-0

[Event "Senior DM 65+ 2024"]
[Site "Aarhus"]
[Date "2024.02.15"]
[Round "4.1"]
[White "Knudsen, Per"]
[Black "Andersen, Lars Christoff"]
[Result "0-1"]
[WhiteElo "2223"]
[BlackElo "1932"]
[PlyCount "56"]
[EventDate "2024.02.12"]
[EventType "swiss"]
[EventRounds "7"]
[EventCountry "DEN"]
[SourceTitle "Live v. Thomas Vestergaard"]

1. Nf3 e6 2. c4 d5 3. d4 c5 4. g3 dxc4 5. Bg2 Nc6 6. Be3 Nf6 7. Qa4 Nd5 8. Ne5 Bd7 9. Nxd7 Qxd7 10. Qxc4 Nxe3 11. fxe3 cxd4 12. Bxc6 bxc6 13. Qxd4 Rd8 14. Qxd7+ Rxd7 15. Kf2 Bc5 16. Nc3 Ke7 17. Rac1 Bb6 18. Rc2 Rc7 19. Rhc1 f5 20. Nb5 Rd7 21. Rxc6 Rf8 22. R1c4 g5 23. Nd4 Rf6 24. Nf3 f4 25. Kg2 g4 26. Ne5 f3+ 27. Kf2 Rd2 28. Rc2 fxe2+ 0-1

[Event "Senior DM 65+ 2024"]
[Site "Aarhus"]
[Date "2024.02.15"]
[Round "4.2"]
[White "Hewson, Brian"]
[Black "Andreasen, Per Naesby"]
[Result "1/2-1/2"]
[WhiteElo "2020"]
[BlackElo "2203"]
[PlyCount "62"]
[EventDate "2024.02.12"]
[EventType "swiss"]
[EventRounds "7"]
[EventCountry "DEN"]
[SourceTitle "Live v. Thomas Vestergaard"]

1. Nf3 g6 2. g3 Bg7 3. Bg2 Nf6 4. O-O O-O 5. c4 d6 6. d4 c6 7. Nc3 a6 8. a4 a5 9. e4 Na6 10. Ne1 e5 11. d5 cxd5 12. cxd5 Nc5 13. Nd3 b6 14. Re1 Nfd7 15. Nb5 Nxd3 16. Qxd3 Nc5 17. Qc2 Ba6 18. Bf1 Rc8 19. Bd2 Bxb5 20. Bxb5 f5 21. f3 Nxe4 22. Bc6 Nxd2 23. Qxd2 Qf6 24. Re2 g5 25. Rf1 h5 26. b4 axb4 27. Qxb4 Rb8 28. Kg2 f4 29. Qe4 Rf7 30. Rb2 Ra7 31. Rfb1 g4 1/2-1/2

[Event "Senior DM 65+ 2024"]
[Site "Aarhus"]
[Date "2024.02.15"]
[Round "4.3"]
[White "Alkaersig, Ole"]
[Black "Gronhoj, Benny"]
[Result "1-0"]
[WhiteElo "2178"]
[BlackElo "1934"]
[PlyCount "91"]
[EventDate "2024.02.12"]
[EventType "swiss"]
[EventRounds "7"]
[EventCountry "DEN"]
[SourceTitle "Live v. Thomas Vestergaard"]

1. c4 e5 2. g3 f5 3. Bg2 Nf6 4. Nc3 c6 5. d4 e4 6. Nh3 d5 7. cxd5 Nxd5 8. O-O Be6 9. f3 exf3 10. exf3 Be7 11. Re1 Qd7 12. Nxd5 cxd5 13. Qe2 Bf7 14. Bg5 Nc6 15. Bxe7 Nxe7 16. Nf4 Kf8 17. Nd3 Nc6 18. Qd2 h6 19. Nc5 Qc8 20. Qf4 Kg8 21. Rac1 Kh7 22. h4 b6 23. Nd3 Qd7 24. Bh3 g6 25. h5 Rhe8 26. hxg6+ Bxg6 27. Kf2 Rxe1 28. Rxe1 Rc8 29. g4 Ne7 30. Re2 Rf8 31. Ne5 Qd8 32. g5 Be8 33. Rc2 Kg8 34. gxh6 Qd6 35. Rc1 Kh7 36. Nd3 Qxf4 37. Nxf4 Kxh6 38. Rc7 Nc6 39. Ke3 Nb4 40. a3 Nc6 41. Nxd5 Na5 42. Nf4 Bb5 43. d5 a6 44. Ne6 Rf6 45. Kf4 Kg6 46. Rg7+ 1-0

[Event "Senior DM 65+ 2024"]
[Site "Aarhus"]
[Date "2024.02.15"]
[Round "4.4"]
[White "Christiansen, Arne"]
[Black "Thuesen, Mogens Henrik"]
[Result "1/2-1/2"]
[WhiteElo "1902"]
[BlackElo "2158"]
[PlyCount "95"]
[EventDate "2024.02.12"]
[EventType "swiss"]
[EventRounds "7"]
[EventCountry "DEN"]
[SourceTitle "Live v. Thomas Vestergaard"]

1. d4 d5 2. c4 e6 3. Nc3 c6 4. e3 f5 5. cxd5 exd5 6. Nf3 Nf6 7. Bd3 Ne4 8. O-O Bd6 9. Ne1 Qh4 10. f4 Nd7 11. Nf3 Qh6 12. Qe2 Ndf6 13. Bd2 Be6 14. Rab1 Bf7 15. Bxe4 fxe4 16. Ne5 g5 17. Qf2 gxf4 18. Qxf4 Qxf4 19. exf4 Rg8 20. b4 Bh5 21. Be3 Ng4 22. Bc1 Nh6 23. b5 Nf5 24. bxc6 bxc6 25. Nxc6 Rc8 26. Nxd5 Rxc6 27. Nf6+ Kf7 28. Nxh5 Nxd4 29. Ng3 Rc2 30. Rb2 Bc5 31. Rxc2 Nxc2+ 32. Kh1 e3 33. Ne2 Ke6 34. Rd1 Bb6 35. g3 Rc8 36. Kg2 Nb4 37. a3 Rc2 38. Kf3 Nd5 39. g4 Nc3 40. Nxc3 Rxc3 41. f5+ Ke7 42. Re1 Kf7 43. a4 h5 44. gxh5 Rc5 45. Bxe3 Rxf5+ 46. Kg4 Ra5 47. Rf1+ Kg7 48. Bxb6 1/2-1/2

[Event "Senior DM 65+ 2024"]
[Site "Aarhus"]
[Date "2024.02.15"]
[Round "4.5"]
[White "Mortensen, Steen Juul"]
[Black "Mikkelsen, Peter Jorgen Dam"]
[Result "0-1"]
[WhiteElo "1837"]
[BlackElo "2095"]
[PlyCount "86"]
[EventDate "2024.02.12"]
[EventType "swiss"]
[EventRounds "7"]
[EventCountry "DEN"]
[SourceTitle "Live v. Thomas Vestergaard"]

1. d4 Nf6 2. Nf3 d6 3. c4 g6 4. Nc3 Bg7 5. e4 O-O 6. Be2 c6 7. O-O a6 8. a4 Nbd7 9. h3 e5 10. dxe5 dxe5 11. Be3 Re8 12. Qc2 a5 13. Nd2 Qe7 14. Nb3 h6 15. Rad1 g5 16. Qd2 Bf8 17. Rfe1 Qb4 18. Qc2 Nc5 19. Nxc5 Bxc5 20. Bxc5 Qxc5 21. Rd2 h5 22. Kh2 Kg7 23. Nd1 Be6 24. Ne3 Rad8 25. Red1 Rxd2 26. Rxd2 Qb4 27. Rd1 b5 28. axb5 cxb5 29. Nd5 Bxd5 30. exd5 bxc4 31. Qf5 Qd6 32. Qxg5+ Kf8 33. Bxc4 e4+ 34. Kg1 Rc8 35. Be2 Rc2 36. Bxh5 Rxb2 37. Rc1 Ke7 38. g3 Rb6 39. Rd1 Rb5 40. f3 Rxd5 41. Rxd5 Qxd5 42. Qxd5 Nxd5 43. fxe4 Nc3 0-1

[Event "Senior DM 65+ 2024"]
[Site "Aarhus"]
[Date "2024.02.15"]
[Round "4.6"]
[White "Nielsen, Christian Volmer"]
[Black "McAndrew, Robert"]
[Result "1-0"]
[WhiteElo "1993"]
[BlackElo "1898"]
[PlyCount "87"]
[EventDate "2024.02.12"]
[EventType "swiss"]
[EventRounds "7"]
[EventCountry "DEN"]
[SourceTitle "Live v. Thomas Vestergaard"]

1. e4 c6 2. d4 d5 3. e5 c5 4. c3 Nc6 5. Be3 Nh6 6. Bd3 g6 7. Ne2 Bg7 8. f3 Nf5 9. Bf2 h5 10. Ng3 h4 11. Nxf5 Bxf5 12. Bxf5 gxf5 13. e6 cxd4 14. exf7+ Kxf7 15. Qd3 e6 16. O-O h3 17. g4 Ne5 18. Qd1 Rf8 19. cxd4 Ng6 20. Nc3 Rc8 21. Kh1 fxg4 22. fxg4 Kg8 23. Qd2 Rf4 24. Qd3 Rxg4 25. Qxh3 Rf4 26. Qxe6+ Kh7 27. Be3 Rc6 28. Qh3+ Rh4 29. Qg2 Qd7 30. Rf3 Bxd4 31. Bxd4 Rxd4 32. Raf1 Qg4 33. Rg3 Qe6 34. Rh3+ Rh4 35. Rhf3 Ne5 36. Rg3 Rg4 37. Qc2+ Qg6 38. Qxg6+ Rgxg6 39. Nxd5 Rxg3 40. hxg3 Rc2 41. Rf5 Re2 42. Nf4 Re1+ 43. Kg2 Nc6 44. Rf7+ 1-0

[Event "Senior DM 65+ 2024"]
[Site "Aarhus"]
[Date "2024.02.15"]
[Round "4.7"]
[White "Poulsen, Knud"]
[Black "Madsen, Svend Aage"]
[Result "1/2-1/2"]
[WhiteElo "1780"]
[BlackElo "1981"]
[PlyCount "70"]
[EventDate "2024.02.12"]
[EventType "swiss"]
[EventRounds "7"]
[EventCountry "DEN"]
[SourceTitle "Live v. Thomas Vestergaard"]

1. c4 e5 2. Nc3 Nf6 3. g3 c6 4. e4 d5 5. cxd5 cxd5 6. Bb5+ Bd7 7. Bxd7+ Qxd7 8. exd5 Nxd5 9. Qe2 Nc6 10. Nf3 O-O-O 11. Nxd5 Qxd5 12. O-O e4 13. Nh4 f5 14. Ng2 Nd4 15. Qd1 Nf3+ 16. Kh1 g5 17. Ne3 Qe6 18. Kg2 h5 19. Qa4 Kb8 20. Qa5 Bg7 21. Qxf5 Qxf5 22. Nxf5 Be5 23. Rd1 Rd3 24. Ne3 Rhd8 25. Nf1 g4 26. Rb1 Ng5 27. Ne3 Nh3 28. Rf1 Rf8 29. b4 Bc7 30. Rb3 Rd7 31. Nd1 Rdf7 32. d4 exd3 33. Rxd3 Bb6 34. Be3 Bxe3 35. Rxe3 Rf3 1/2-1/2

[Event "Senior DM 65+ 2024"]
[Site "Aarhus"]
[Date "2024.02.15"]
[Round "4.8"]
[White "Jensen, Henrik Tranberg"]
[Black "Iversen, Flemming Pagh"]
[Result "1-0"]
[WhiteElo "1973"]
[BlackElo "1744"]
[PlyCount "33"]
[EventDate "2024.02.12"]
[EventType "swiss"]
[EventRounds "7"]
[EventCountry "DEN"]
[SourceTitle "Live v. Thomas Vestergaard"]

1. d4 g6 2. c4 Bg7 3. Nc3 d6 4. e4 Nf6 5. Nge2 O-O 6. Ng3 c6 7. h4 h5 8. Be2 Qa5 9. Bg5 Nbd7 10. O-O e5 11. d5 Qc7 12. Qd2 Re8 13. Rfd1 Bf8 14. b4 a6 15. Rac1 c5 16. bxc5 Nxc5 17. Bxf6 1-0

[Event "Senior DM 65+ 2024"]
[Site "Aarhus"]
[Date "2024.02.15"]
[Round "4.9"]
[White "Johnsen, Oystein"]
[Black "Olesen, Poul Erik Norgaard"]
[Result "0-1"]
[WhiteElo "1820"]
[BlackElo "1959"]
[PlyCount "66"]
[EventDate "2024.02.12"]
[EventType "swiss"]
[EventRounds "7"]
[EventCountry "DEN"]
[SourceTitle "Live v. Thomas Vestergaard"]

1. d4 c5 2. d5 e5 3. dxe6 fxe6 4. e4 Nc6 5. Nf3 d6 6. Nc3 Be7 7. Bf4 e5 8. Be3 Be6 9. Qd2 Nf6 10. Ng5 Bg8 11. Be2 a6 12. Nd5 Nxd5 13. exd5 Nd4 14. Bg4 Nxc2+ 15. Qxc2 Bxg5 16. O-O Bf7 17. f4 Bh6 18. Qd2 O-O 19. Rad1 Qh4 20. Qe2 Rae8 21. g3 Qe7 22. f5 Qf6 23. Bxh6 Qxh6 24. Qe4 Bh5 25. Bxh5 Qxh5 26. g4 Qg5 27. Kg2 Rf6 28. Rf2 Ref8 29. h4 Qxh4 30. Rh1 Qg5 31. Rh5 Qc1 32. g5 g6 33. Rxh7 Qxg5+ 0-1

[Event "Senior DM 65+ 2024"]
[Site "Aarhus"]
[Date "2024.02.15"]
[Round "4.10"]
[White "Bjornes, Leif"]
[Black "Holst, Per"]
[Result "1/2-1/2"]
[WhiteElo "1826"]
[BlackElo "2101"]
[PlyCount "120"]
[EventDate "2024.02.12"]
[EventType "swiss"]
[EventRounds "7"]
[EventCountry "DEN"]
[SourceTitle "Live v. Thomas Vestergaard"]

1. d4 e6 2. c4 Nf6 3. Nc3 Bb4 4. f3 c5 5. a3 Bxc3+ 6. bxc3 Nc6 7. e4 d6 8. Be3 b6 9. Bd3 e5 10. d5 Na5 11. Qe2 Ba6 12. g4 Nd7 13. h4 h5 14. g5 Nf8 15. f4 exf4 16. Bxf4 Ng6 17. Bg3 Qe7 18. Nf3 O-O-O 19. O-O f6 20. Rf2 Rdf8 21. Raf1 Kb8 22. Nh2 Bc8 23. gxf6 gxf6 24. Kh1 Bh3 25. Rg1 Ne5 26. Bxe5 Qxe5 27. Qf3 Bc8 28. Qf4 Ba6 29. Rg6 Bxc4 30. Bc2 Nb7 31. Rxf6 Qxf6 32. Qxf6 Rxf6 33. Rxf6 Be2 34. Nf3 Rg8 35. Ng5 b5 36. Kg2 a5 37. Kf2 Bg4 38. Ke3 Kc7 39. Kf4 b4 40. cxb4 axb4 41. axb4 cxb4 42. e5 dxe5+ 43. Kxe5 Re8+ 44. Ne6+ Kb6 45. Bg6 Rc8 46. Nf4+ Kb5 47. d6 Nc5 48. Bf5 Re8+ 49. Kd4 Nb3+ 50. Kd3 Nc5+ 51. Kd2 Nb3+ 52. Kd3 Nc5+ 53. Kd2 Ne4+ 54. Bxe4 Rxe4 55. Nxh5 Bxh5 56. Rf5+ Kc4 57. Rxh5 Rd4+ 58. Kc2 Rxd6 59. Rh8 b3+ 60. Kc1 Kc3 1/2-1/2

[Event "Senior DM 65+ 2024"]
[Site "Aarhus"]
[Date "2024.02.15"]
[Round "4.11"]
[White "Pedersen, Karsten Nymann"]
[Black "Meldgaard, Frode"]
[Result "1-0"]
[WhiteElo "2065"]
[BlackElo "1798"]
[PlyCount "109"]
[EventDate "2024.02.12"]
[EventType "swiss"]
[EventRounds "7"]
[EventCountry "DEN"]
[SourceTitle "Live v. Thomas Vestergaard"]

1. d4 d5 2. c4 dxc4 3. g3 e6 4. Bg2 c6 5. Nf3 Nf6 6. O-O Nbd7 7. Nfd2 Nb6 8. e3 Be7 9. Qc2 O-O 10. Nxc4 Nxc4 11. Qxc4 Qb6 12. Nc3 Qa5 13. f4 Bd7 14. Bd2 Rad8 15. Qe2 Qh5 16. Qxh5 Nxh5 17. Rfd1 Nf6 18. e4 Bc8 19. Be1 b6 20. h3 Bb7 21. Bf2 Rd7 22. a3 Rfd8 23. b4 Rc8 24. g4 h6 25. Rab1 Ne8 26. Be3 Nc7 27. Kh2 Ba6 28. Rdc1 Nb5 29. Nxb5 Bxb5 30. Kg3 Rdc7 31. e5 Ba4 32. Rc4 Bb5 33. Rc3 Ba4 34. Rbc1 g6 35. Be4 Kg7 36. f5 Bf8 37. f6+ Kh8 38. h4 Bb5 39. h5 g5 40. Bf3 Kg8 41. Bd1 Ba6 42. Kf2 Bb7 43. Bf3 b5 44. d5 exd5 45. Bxd5 c5 46. Bxb7 Rxb7 47. Bxc5 Rbc7 48. Ke3 a5 49. Bd4 Rxc3+ 50. Rxc3 Ra8 51. Bc5 axb4 52. axb4 Bxc5+ 53. bxc5 Kf8 54. c6 Ke8 55. Kd4 1-0

[Event "Senior DM 65+ 2024"]
[Site "Aarhus"]
[Date "2024.02.15"]
[Round "4.12"]
[White "Gam, Soren"]
[Black "Nielsen, Ib"]
[Result "1-0"]
[WhiteElo "1368"]
[BlackElo "1900"]
[PlyCount "87"]
[EventDate "2024.02.12"]
[EventType "swiss"]
[EventRounds "7"]
[EventCountry "DEN"]
[SourceTitle "Live v. Thomas Vestergaard"]

1. d4 Nf6 2. Nf3 g6 3. c4 Bg7 4. Nc3 O-O 5. e4 d6 6. Bg5 h6 7. Be3 Nbd7 8. h3 e5 9. d5 Ne8 10. g4 a5 11. Qd2 Kh7 12. O-O-O Nc5 13. Ne1 f5 14. gxf5 gxf5 15. Bxc5 dxc5 16. f3 Nd6 17. Nc2 Bf6 18. Qh2 Bg5+ 19. Kb1 Bf4 20. Qf2 b6 21. Ne2 fxe4 22. Nxf4 Rxf4 23. Rg1 Qf6 24. Ne3 Bd7 25. Ng4 Bxg4 26. hxg4 exf3 27. Rg3 Rg8 28. Bh3 Nxc4 29. g5 hxg5 30. Be6 Rh8 31. Rdg1 g4 32. Rxg4 Rxg4 33. Rxg4 Rf8 34. Qh2+ Qh6 35. Rh4 Rf6 36. Rxh6+ Rxh6 37. Qc2+ Kg7 38. Qxc4 Rh1+ 39. Kc2 f2 40. Qg4+ Kh6 41. Bf5 Rc1+ 42. Kb3 Rg1 43. Qh4+ Kg7 44. Qxf2 1-0

[Event "Senior DM 65+ 2024"]
[Site "Aarhus"]
[Date "2024.02.15"]
[Round "4.13"]
[White "Norregaard, Claus"]
[Black "Markussen, Benno Orvad"]
[Result "1/2-1/2"]
[WhiteElo "1899"]
[BlackElo "1677"]
[PlyCount "90"]
[EventDate "2024.02.12"]
[EventType "swiss"]
[EventRounds "7"]
[EventCountry "DEN"]
[SourceTitle "Live v. Thomas Vestergaard"]

1. e4 d6 2. d4 Nf6 3. Nc3 e5 4. dxe5 dxe5 5. Qxd8+ Kxd8 6. Bc4 Be6 7. Bxe6 fxe6 8. Bg5 Bd6 9. O-O-O h6 10. Bh4 g5 11. Bg3 Ke7 12. Nf3 Nbd7 13. Nd2 Nh5 14. f3 Nxg3 15. hxg3 c6 16. Nc4 Bc7 17. b4 b5 18. Ne3 a5 19. a3 axb4 20. axb4 Bd6 21. Kb2 Bxb4 22. Ra1 Rxa1 23. Rxa1 Bc5 24. Ncd1 Nb6 25. Ra7+ Kd6 26. Rg7 Bxe3 27. Nxe3 c5 28. Rg6 Nc4+ 29. Nxc4+ bxc4 30. Kc3 Ke7 31. f4 exf4 32. gxf4 gxf4 33. e5 h5 34. Rf6 Rf8 35. Rh6 f3 36. gxf3 Rxf3+ 37. Kxc4 Rf5 38. Rh7+ Kd8 39. Kxc5 Rxe5+ 40. Kd6 Rd5+ 41. Kxe6 Rd2 42. c4 h4 43. Rxh4 Kc7 44. c5 Kc6 45. Rc4 Rd5 1/2-1/2

[Event "Senior DM 65+ 2024"]
[Site "Aarhus"]
[Date "2024.02.15"]
[Round "4.14"]
[White "Andersson, Finn"]
[Black "Kristensen, Lars Ostergaard"]
[Result "1/2-1/2"]
[WhiteElo "1711"]
[BlackElo "1585"]
[PlyCount "34"]
[EventDate "2024.02.12"]
[EventType "swiss"]
[EventRounds "7"]
[EventCountry "DEN"]
[SourceTitle "Live v. Thomas Vestergaard"]

1. e4 e5 2. Nc3 Nf6 3. Nf3 d6 4. d4 exd4 5. Nxd4 g6 6. Be2 Bg7 7. Be3 O-O 8. Qd2 Re8 9. f3 Nc6 10. Nxc6 bxc6 11. Bc4 a5 12. Bg5 Be6 13. Bxe6 Rxe6 14. O-O-O Qb8 15. Rhe1 Qb4 16. Ne2 Re5 17. Be3 Qb7 1/2-1/2

[Event "Senior DM 65+ 2024"]
[Site "Aarhus"]
[Date "2024.02.15"]
[Round "4.15"]
[White "Sorensson, Dan"]
[Black "Lauritzen, Vagn"]
[Result "1-0"]
[WhiteElo "1709"]
[BlackElo "1553"]
[PlyCount "89"]
[EventDate "2024.02.12"]
[EventType "swiss"]
[EventRounds "7"]
[EventCountry "DEN"]
[SourceTitle "Live v. Thomas Vestergaard"]

1. d4 Nf6 2. Nf3 g6 3. Bf4 d6 4. Nc3 Bg7 5. e4 O-O 6. Bd3 b6 7. Qe2 c5 8. e5 dxe5 9. dxe5 Nh5 10. Qe4 Nxf4 11. Qxa8 Qc7 12. Qe4 Nxd3+ 13. cxd3 Nc6 14. Nb5 Qd7 15. O-O Nxe5 16. Nxe5 Qxb5 17. Nc6 Re8 18. Nxa7 Qxb2 19. Nxc8 Rxc8 20. Qxe7 Qxa1 21. Rxa1 Bxa1 22. Qd7 Ra8 23. a4 Bd4 24. Kf1 Ra5 25. f4 Kg7 26. Ke2 Kf8 27. Kf3 Ra8 28. Qd6+ Kg7 29. Qd7 Kf8 30. g4 Re8 31. Qb5 Re3+ 32. Kg2 Re2+ 33. Kh3 Re3+ 34. Kh4 Re2 35. Qxb6 Rxh2+ 36. Kg3 Rb2 37. Qd8+ Kg7 38. a5 Bf2+ 39. Kf3 Bd4 40. a6 Rf2+ 41. Ke4 Re2+ 42. Kd5 Ra2 43. Qb6 Bf2 44. a7 c4 45. Qxf2 1-0

[Event "Senior DM 65+ 2024"]
[Site "Aarhus"]
[Date "2024.02.15"]
[Round "4.16"]
[White "Gottschalck, Christian"]
[Black "Lavrsen, Frands Winther"]
[Result "1-0"]
[WhiteElo "1684"]
[BlackElo "1691"]
[PlyCount "37"]
[EventDate "2024.02.12"]
[EventType "swiss"]
[EventRounds "7"]
[EventCountry "DEN"]
[SourceTitle "Live v. Thomas Vestergaard"]

1. e4 c5 2. Nf3 Nc6 3. d4 cxd4 4. Nxd4 e5 5. Nb5 d6 6. N1c3 a6 7. Na3 Nf6 8. Bg5 Be7 9. Bxf6 Bxf6 10. Nc4 Be7 11. Bd3 O-O 12. O-O Be6 13. a3 Rc8 14. Ne3 Nd4 15. Nf5 Nxf5 16. exf5 Bc4 17. Re1 f6 18. Bxc4+ Rxc4 19. Qd5+ 1-0

[Event "Senior DM 65+ 2024"]
[Site "Aarhus"]
[Date "2024.02.15"]
[Round "4.17"]
[White "Pilgaard, Johannes"]
[Black "Korsgaard, Christian"]
[Result "1/2-1/2"]
[WhiteElo "1648"]
[BlackElo "1709"]
[PlyCount "75"]
[EventDate "2024.02.12"]
[EventType "swiss"]
[EventRounds "7"]
[EventCountry "DEN"]
[SourceTitle "Live v. Thomas Vestergaard"]

1. e4 d6 2. d4 Nf6 3. Bd3 g6 4. h3 Bg7 5. Nf3 O-O 6. O-O c5 7. c3 cxd4 8. Nxd4 Nc6 9. Be3 Ne5 10. Bc2 Nc4 11. Bc1 Bd7 12. b3 Nb6 13. a4 Bc6 14. a5 Nbd7 15. Nd2 Rc8 16. b4 e5 17. Nxc6 Rxc6 18. c4 Rc8 19. Bb3 Nb8 20. b5 Nbd7 21. Ba3 Nc5 22. Bc2 Bh6 23. f3 Be3+ 24. Kh2 Bd4 25. Ra2 Nh5 26. Nb3 Nxb3 27. Bxb3 Qf6 28. Bc1 Nf4 29. g3 Ne6 30. Qe2 Nc5 31. Bc2 Qe6 32. Bh6 Rfe8 33. Be3 Bxe3 34. Qxe3 Qxc4 35. Rfa1 Qe6 36. Ra3 Red8 37. f4 exf4 38. gxf4 1/2-1/2

[Event "Senior DM 65+ 2024"]
[Site "Aarhus"]
[Date "2024.02.15"]
[Round "4.18"]
[White "Andersen, Villy Abildgaard"]
[Black "Fjordside, Arne Dan"]
[Result "0-1"]
[WhiteElo "1602"]
[BlackElo "1805"]
[PlyCount "82"]
[EventDate "2024.02.12"]
[EventType "swiss"]
[EventRounds "7"]
[EventCountry "DEN"]
[SourceTitle "Live v. Thomas Vestergaard"]

1. e4 e6 2. d3 d5 3. Nd2 Nf6 4. Ngf3 c5 5. g3 Nc6 6. Bg2 b6 7. O-O Bb7 8. e5 Nd7 9. Re1 Qc7 10. Nf1 Ndxe5 11. Nxe5 Nxe5 12. Bf4 Bd6 13. Qe2 Nd7 14. Bxd6 Qxd6 15. Rad1 Qc7 16. Qg4 O-O 17. h4 d4 18. Bxb7 Qxb7 19. Nd2 Nf6 20. Qg5 h6 21. Qe5 Qd5 22. Nc4 Qc6 23. b3 Rad8 24. Qf4 Nd5 25. Qe4 Qc7 26. Rd2 Nc3 27. Qg4 Rd5 28. a3 b5 29. Nb2 Rf5 30. Nd1 Nd5 31. Rf1 Nf6 32. Qe2 a5 33. Kg2 b4 34. a4 Qc6+ 35. f3 h5 36. Nf2 Ng4 37. Nd1 Re5 38. Nf2 Rf5 39. Nxg4 hxg4 40. Qe4 gxf3+ 41. Rxf3 Qxe4 0-1

[Event "Senior DM 65+ 2024"]
[Site "Aarhus"]
[Date "2024.02.15"]
[Round "4.19"]
[White "Westenvind, Allan"]
[Black "Bohnstedt, Michael"]
[Result "1-0"]
[WhiteElo "1820"]
[BlackElo "1439"]
[PlyCount "73"]
[EventDate "2024.02.12"]
[EventType "swiss"]
[EventRounds "7"]
[EventCountry "DEN"]
[SourceTitle "Live v. Thomas Vestergaard"]

1. d4 Nf6 2. Nf3 d5 3. e3 e6 4. Bd3 c5 5. b3 cxd4 6. exd4 Bd6 7. O-O O-O 8. Bb2 b6 9. Qe2 Bb7 10. Nbd2 Nbd7 11. a3 Rc8 12. Ne5 Be7 13. f4 h6 14. Rf3 Nxe5 15. fxe5 Nh7 16. Raf1 Qd7 17. Rg3 f5 18. Qh5 Bg5 19. Nf3 Qf7 20. Qxf7+ Rxf7 21. h4 Be7 22. Kf2 g5 23. hxg5 Nxg5 24. Rh1 Rh7 25. Bc1 Rg7 26. Ke2 Nf7 27. Rxg7+ Kxg7 28. a4 Ng5 29. Ng1 Rh8 30. Bd2 Ne4 31. Be1 h5 32. Nh3 h4 33. Nf4 Bc8 34. c4 Ng3+ 35. Bxg3 hxg3 36. Rxh8 Kxh8 37. Ng6+ 1-0